00483 2200193 4500001002100000005001500021035002000036008004100056245005500097100001700152250000600169260004300175300001100218084001400229082000800243650001400251990001200265990001200277INLIS00000000000031520240503081641 a0010-0424000291240503 0 ind 1 aPertolongan Pertama Pada Kecelakaan /cSri Lestari aLestari, Sri a1 aJakarta :bSunda Kelapa Pustaka,c2010 a60 hlm a600 SRI p a600 4aNon Fiksi a0728767 a0728768